Teórie hospodárskeho rastu

Bibliographic Details
Main Authors: Korček, Ľudovít, 1927- (Author), Mokrý, Vladimír, 1931- (Author), Lisý, Ján, 1950- (Author), Přívarová, Magdaléna, 1955- (Author)
Format: Book
Language:Slovak
PhysicalDescription:174 s., 13,307 AH, 13,528 VH Sch., tab., lit. 10 zázn. v angl., češ., franc., nem. a slov. 29 cm
Published: Bratislava Ekonomická univerzita 1993
ISBN:8022504866
Edition:1. vyd.
Subjects:

MARC

LEADER 00000nam a2200000 a 4500
001 vtls001073420
003 SK-MaSNL
005 20260302020257.0
008 250414s1993 xo slo
015 |a SNBA1993/12 
020 |a 8022504866 
035 |a SNK000016251 
035 |a urn:nbn:sk:snk-amlhgn 
035 |a urn:nbn:sk:snk-am00bn7q 
035 |a 91DF033C-7D92-4EA4-A367-81C96BCFA213 
040 |a SNK  |b slo  |c SNK  |e AACR2 
041 0 |a slo 
044 |a xo  |c SK 
080 |a 330.35(075.8)  |2 1981 
100 1 |a Korček, Ľudovít,  |d 1927-  |4 aut  |9 192785 
245 1 0 |a Teórie hospodárskeho rastu  |c Ľudovít Korček ; Vladimír Mokrý, Ján Lisý, Magda Přívarová 
250 |a 1. vyd. 
260 |a Bratislava  |b Ekonomická univerzita  |c 1993  |e Bratislava  |f Edičné stredisko Ekonomickej univerzity 
300 |a 174 s., 13,307 AH, 13,528 VH  |b Sch., tab., lit. 10 zázn. v angl., češ., franc., nem. a slov.  |c 29 cm 
366 |e 500 výt. 
500 |a Vysokoškolské skriptá 
655 7 |a učebnice vysokých škôl  |2 SNKPH  |9 70191 
700 1 |a Mokrý, Vladimír,  |d 1931-  |4 aut  |9 191327 
700 1 |a Lisý, Ján,  |d 1950-  |4 aut  |9 216186 
700 1 |a Přívarová, Magdaléna,  |d 1955-  |4 aut  |9 216193 
852 |a Slovenská národná knižnica 
919 |a 80-225-0486-6 
958 0 7 |a RM 
958 0 7 |a NB 
958 0 7 |a UV 
999 |c 1024486  |d 1026416 
952 |t P60, <04>, [BOOK], {604}  |a SNK  |b SNK  |y VYP  |7 0  |p 17A0082134  |o snkSB 51754 D1  |0 0  |1 0  |4 0  |d 1997-07-18  |l 0  |r 2004-12-31 00:00:00  |w 2026-02-24 
952 |a SNK  |b SNK  |y PREZ  |7 0  |p 17A0904692  |o snkSB 51754   |0 0  |1 0  |4 0  |d 2012-08-07  |f 1  |l 0  |r 2025-03-12 00:00:00  |w 2026-02-24